| 000 | 00484nam a22001817a 4500 | ||
|---|---|---|---|
| 999 |
_c7472 _d7472 |
||
| 003 | OSt | ||
| 005 | 20211115100440.0 | ||
| 008 | 211115b ||||| |||| 00| 0 eng d | ||
| 020 | _a0595411711 | ||
| 040 | _cDDC | ||
| 082 | _a621.388KIN 2006 | ||
| 100 |
_aKinney,douglas; _915308 |
||
| 245 | _aA Beginners guide to consumer electronics repair | ||
| 260 |
_aNew York, _biUniverce,inc, _c2006. |
||
| 300 |
_axxi,52p; _bill, _c25cm. |
||
| 650 |
_aEngineering. _9373 |
||
| 942 |
_2ddc _cO_SHELF |
||